Francja (Record no. 7023)

MARC details
000 -LEADER
fixed length control field 00445aam a2200193 4500
001 - CONTROL NUMBER
control field 8391
003 - CONTROL NUMBER IDENTIFIER
control field OSt
005 - DATE AND TIME OF LATEST TRANSACTION
control field 20180810133534.0
007 - PHYSICAL DESCRIPTION FIXED FIELD--GENERAL INFORMATION
fixed length control field tu
008 - FIXED-LENGTH DATA ELEMENTS--GENERAL INFORMATION
fixed length control field 161220s1973 xxu||||| |||| 00| 0 rus d
024 7# - OTHER STANDARD IDENTIFIER
Standard number or code 8391
Source of number or code RID
040 ## - CATALOGING SOURCE
Transcribing agency OSt
245 ## - TITLE STATEMENT
Title Francja
260 ## - PUBLICATION, DISTRIBUTION, ETC.
Date of publication, distribution, etc. 1973.
Place of publication, distribution, etc. Moskva :
490 ## - SERIES STATEMENT
Series statement Ekonomika i politika stran sowremnonnego kapitalizma
700 1# - ADDED ENTRY--PERSONAL NAME
Personal name Rubonskij, Jurij I.
700 1# - ADDED ENTRY--PERSONAL NAME
Personal name Aboltin, Vladimir J.
942 ## - ADDED ENTRY ELEMENTS (KOHA)
Koha item type Book

No items available.

The Vienna Instiute for International Economic Studies (wiiw)